Computers today
Guardat en:
| Autor principal: | |
|---|---|
| Format: | Llibre |
| Idioma: | Undetermined |
| Publicat: |
New York
McGraw-Hill
1983
|
| Matèries: | |
| Etiquetes: |
Afegir etiqueta
Sense etiquetes, Sigues el primer a etiquetar aquest registre!
|
| Thư viện lưu trữ: | Trung tâm Học liệu Trường Đại học Cần Thơ |
|---|
| LEADER | 00478nam a2200181Ia 4500 | ||
|---|---|---|---|
| 001 | CTU_95078 | ||
| 008 | 210402s9999 xx 000 0 und d | ||
| 082 | |a 004 | ||
| 082 | |b S215 | ||
| 100 | |a Sanders, Donald H. | ||
| 245 | 0 | |a Computers today | |
| 245 | 0 | |c Donald H. Sanders. | |
| 260 | |a New York | ||
| 260 | |b McGraw-Hill | ||
| 260 | |c 1983 | ||
| 650 | |a Electronic data processing.,Computers. | ||
| 904 | |i Năm | ||
| 980 | |a Trung tâm Học liệu Trường Đại học Cần Thơ | ||